| 000 | 00738nam a22001337a 4500 | ||
|---|---|---|---|
| 040 | _cRUA | ||
| 082 | _aAGR KHA 2002 B028 Or.1 | ||
| 100 | _aKHAY, VANNAK. | ||
| 245 | _aEffect of plant leaves with pesticide properties in control of SITOPHILUS ZEAMAIS on corn in storage ឥទ្ធិពលនៃស្លឹករុក្ខជាតិដែលមានអំពើក្នុងការកំចាត់ខ្មូត ស៊ីតូហ្វីលុស ហ្សេអាមេអ៊ីស ដែលបំផ្លាញគ្រាប់ពោត | ||
| 260 |
_aPhnom Penh _bRUA _c2002 |
||
| 300 |
_a54p. _bill. _c29cm. |
||
| 856 | _uhttps://drive.google.com/file/d/1KG6MFcKktOElG0P-Yawl2W7VQGCpZMxM/view?usp=sharing | ||
| 942 | _cAGR | ||
| 999 |
_c527 _d527 |
||